Strategy synthesis : (Record no. 8907)

MARC details
000 -LEADER
fixed length control field 00794nac a22002171u 4500
010 ## - LIBRARY OF CONGRESS CONTROL NUMBER
LC control number 2005276766
020 ## - INTERNATIONAL STANDARD BOOK NUMBER
International Standard Book Number 1844801926
082 00 - DEWEY DECIMAL CLASSIFICATION NUMBER
Classification number 658.4012
Item number WIT
090 ## - LOCALLY ASSIGNED LC-TYPE CALL NUMBER (OCLC); LOCAL CALL NUMBER (OCLC)
-- 8907
-- 8907
100 ## - MAIN ENTRY--PERSONAL NAME
Personal name Wit, Bob de.
245 10 - TITLE STATEMENT
Title Strategy synthesis :
Remainder of title resolving strategy paradoxes to create competitive advantage : text and readings /
Statement of responsibility, etc Bob de Wit, Ron Meyer.
250 ## - EDITION STATEMENT
Edition statement 2nd ed.
260 ## - PUBLICATION, DISTRIBUTION, ETC. (IMPRINT)
Place of publication, distribution, etc London :
Name of publisher, distributor, etc Thomson Learning ;
Place of publication, distribution, etc Mason, Ohio :
Name of publisher, distributor, etc Thomson/South-Western,2005
Date of publication, distribution, etc 2005.
300 ## - PHYSICAL DESCRIPTION
Extent xx, 469 p. :
Other physical details ill. (some col.) ;
Dimensions 25 cm.
511 ## - PARTICIPANT OR PERFORMER NOTE
Participant or performer note catalogued by: wessam
650 #0 - SUBJECT ADDED ENTRY--TOPICAL TERM
Topical term or geographic name as entry element Strategic planning.
650 #0 - SUBJECT ADDED ENTRY--TOPICAL TERM
Topical term or geographic name as entry element Business planning.
650 #0 - SUBJECT ADDED ENTRY--TOPICAL TERM
Topical term or geographic name as entry element International business enterprises.
700 1# - ADDED ENTRY--PERSONAL NAME
Personal name Meyer, Ron,
Dates associated with a name 1962-
942 ## - ADDED ENTRY ELEMENTS (KOHA)
Item type Book - Borrowing
Call number prefix 658.4012WIT
Holdings
Withdrawn status Item status Damaged status Not for loan Home library Current library Shelving location Date acquired Source of acquisition Total Checkouts Full call number Barcode Date last seen Koha item type
        Central Library Central Library First floor 30/03/2008 Purchase   658.4012WIT 000010412 15/07/2025 Book - Borrowing